000 00831cgm a2200241 4500
001 B3064
008 090401t1988 xxu||||| |||| 00| 0 eng d
035 _a(Sirsi) u53796
041 _aeng
050 _a692.8
100 _aSteer, Jon
245 _aChoosing a building contract (sound recording)
260 _aLondon
_bRoyal Institution of Chartered Surveyors
_c1988
300 _a1 sound cassette (60 min.)
350 _a10
490 _aOwlion Audio Programme
520 _aPublished jointly with the College of Estate Management . Investigates the various building contracts that are available and the methods to be followed in deciding on the most suitable form.
650 _aAUDIO CASSETTES
650 _aBUILT ENVIRONMENT-BUILDING CONTRACT FORMS
700 _aRoy, Judith
942 _n0
948 _c04/03/1997
999 _c85272
_d85272